[Event "3rd Sharjah Masters 2019"]
[Site "Sharjah UAE"]
[Date "2019.03.22"]
[Round "1.28"]
[White "Salem, Ahmed Salem"]
[Black "Vishnu Prasanna, V"]
[Result "0-1"]
[BlackTitle "GM"]
[WhiteElo "2069"]
[BlackElo "2524"]
[WhiteFideId "9307796"]
[BlackFideId "5030692"]
[EventDate "2019.03.22"]

1. e4 g6 2. d4 Bg7 3. f4 d5 4. e5 Nh6 5. Nf3 O-O 6. Be2 c5 7. dxc5 Qa5+ 8. Nc3
Rd8 9. Be3 Nf5 10. Qd2 Nc6 11. Bf2 Bh6 12. g4 d4 13. Nd1 Qxd2+ 14. Nxd2 Ne3 15.
Nxe3 dxe3 16. Bxe3 Nb4 17. Kf2 Nxc2 18. Rad1 Be6 19. Nc4 Rdc8 20. g5 Bf8 21. Rc1
Nxe3 22. Nxe3 Bxa2 23. Bf3 Rc7 24. Bd5 Bxd5 25. Nxd5 Rd7 26. Rhd1 Rad8 27. Nc3
Rxd1 28. Rxd1 Rxd1 29. Nxd1 e6 30. b4 Be7 31. Nb2 b5 32. Ke2 Kf8 33. Nd1 Ke8 34.
Nc3 a6 35. Kd3 Kd7 36. Kd4 Bd8 37. Ne4 a5 38. bxa5 Bxa5 39. Nd6 Kc6 40. Nxf7 Be1
41. Nd8+ Kd7 42. Nb7 Bf2+ 43. Kd3 Kc6 44. Nd8+ Kd5 45. c6 Bb6 46. Nf7 Kxc6 47.
Nd6 Bg1 48. Ne8 Bxh2 49. Nf6 Bxf4 50. Nxh7 Kd5 51. Nf8 Bxg5 52. Nxg6 b4 53. Kc2
Ke4 54. Kb3 Bd2 55. Kc4 Bc3 56. Ne7 Kxe5 57. Kd3 Kd6 58. Nc8+ Kc5 59. Ne7 Bf6
60. Ng6 e5 61. Kc2 Kc4 62. Kb1 b3 63. Kc1 e4 64. Kb1 Kd3 65. Nf4+ Kd2 66. Nd5 e3
67. Nxe3 Kxe3 0-1

[Event "3rd Sharjah Masters 2019"]
[Site "Sharjah UAE"]
[Date "2019.03.22"]
[Round "1.29"]
[White "Kuybokarov, Temur"]
[Black "Galindo, Joseph"]
[Result "1-0"]
[WhiteTitle "GM"]
[WhiteElo "2519"]
[BlackElo "2049"]
[WhiteFideId "14203049"]
[BlackFideId "5208254"]
[EventDate "2019.03.22"]

1. d4 Nf6 2. c4 e6 3. Nf3 b6 4. g3 Ba6 5. Qa4 Bb7 6. Bg2 Be7 7. Nc3 O-O 8. Bf4
d6 9. Qc2 Nc6 10. Rd1 Qc8 11. O-O d5 12. Ne5 Nb4 13. Qb1 dxc4 14. e4 Ba6 15. a3
Nd3 16. Nc6 Qd7 17. e5 Nd5 18. Nxd5 exd5 19. Bxd5 Rae8 20. Bg2 f6 21. Be3 Kh8
22. b3 b5 23. a4 Nb4 24. Nxb4 Bxb4 25. bxc4 Qe7 26. axb5 1-0

[Event "3rd Sharjah Masters 2019"]
[Site "Sharjah UAE"]
[Date "2019.03.22"]
[Round "1.30"]
[White "Shanya, Mishra"]
[Black "Venkatesh, M.R."]
[Result "0-1"]
[BlackTitle "GM"]
[WhiteElo "2026"]
[BlackElo "2517"]
[WhiteFideId "46656065"]
[BlackFideId "5005779"]
[EventDate "2019.03.22"]

1. d4 Nc6 2. c4 e5 3. d5 Nce7 4. Nf3 Ng6 5. g3 Bc5 6. Bg2 d6 7. O-O a5 8. Nc3 f5
9. e4 Nf6 10. exf5 Bxf5 11. Ng5 Qe7 12. Nge4 Nxe4 13. Bxe4 O-O 14. Bxf5 Rxf5 15.
Ne4 Raf8 16. Qe2 b6 17. Kg2 Rf3 18. Be3 Qd7 19. Ng5 Qg4 20. Nxf3 Nh4+ 21. Kh1
Nxf3 22. Rg1 Rf5 23. Bxc5 Rh5 24. Rg2 e4 25. Bxd6 cxd6 0-1

[Event "3rd Sharjah Masters 2019"]
[Site "Sharjah UAE"]
[Date "2019.03.22"]
[Round "1.31"]
[White "Stany, G.A."]
[Black "Tereshechkina, Maya"]
[Result "1-0"]
[WhiteTitle "GM"]
[BlackTitle "WFM"]
[WhiteElo "2507"]
[BlackElo "2018"]
[WhiteFideId "5029104"]
[BlackFideId "4194578"]
[EventDate "2019.03.22"]

1. e4 c5 2. Nf3 Nc6 3. Bb5 g6 4. Bxc6 dxc6 5. d3 b6 6. h3 Bg7 7. Nc3 Nh6 8. Be3
f6 9. O-O Nf7 10. Re1 e5 11. a3 O-O 12. b4 cxb4 13. axb4 f5 14. exf5 gxf5 15.
Ra3 f4 16. Bd2 Bf5 17. Ne4 Nd6 18. Nxd6 Qxd6 19. Bc3 Qg6 20. Kh2 Rfe8 21. Nxe5
Qd6 22. Nc4 Qc7 23. Bxg7 Qxg7 24. Rxe8+ Rxe8 25. Nd6 Re5 26. Qf3 1-0

[Event "3rd Sharjah Masters 2019"]
[Site "Sharjah UAE"]
[Date "2019.03.22"]
[Round "1.32"]
[White "Sri, Sai Baswanth P"]
[Black "Arencibia Rodriguez, Walter"]
[Result "1/2-1/2"]
[BlackTitle "GM"]
[WhiteElo "2018"]
[BlackElo "2506"]
[WhiteFideId "25088793"]
[BlackFideId "3500012"]
[EventDate "2019.03.22"]

1. e4 c5 2. Nf3 e6 3. d3 Nc6 4. g3 d5 5. Qe2 Nge7 6. Bg2 d4 7. e5 b6 8. O-O Bb7
9. Na3 Nd5 10. Bd2 Be7 11. h4 h6 12. h5 Qd7 13. Nc4 b5 14. Na5 Nxa5 15. Bxa5 Nb6
16. Nd2 Bxg2 17. Kxg2 Qd5+ 18. Qf3 Qxf3+ 19. Kxf3 Kd7 20. b3 Nd5 21. Kg2 Rhc8
22. Nf3 Rc6 23. Bd2 Ra6 24. a3 Rc8 25. Rfb1 Kc6 26. Re1 Nb6 27. Re4 Kd7 28. Rg4
Bf8 29. Re4 Ke8 30. Ree1 Be7 31. Reb1 Kd7 32. b4 Kc6 33. bxc5 Bxc5 34. Bc1 Na4
35. Bd2 Rb6 36. Re1 Rb7 37. Re4 1/2-1/2

[Event "3rd Sharjah Masters 2019"]
[Site "Sharjah UAE"]
[Date "2019.03.22"]
[Round "1.33"]
[White "Sindarov, Javokhir"]
[Black "Shahil, Dey"]
[Result "1-0"]
[WhiteTitle "GM"]
[BlackTitle "CM"]
[WhiteElo "2505"]
[BlackElo "2007"]
[WhiteFideId "14205483"]
[BlackFideId "35062352"]
[EventDate "2019.03.22"]

1. e4 c5 2. Nf3 e6 3. Nc3 a6 4. g3 Nc6 5. Bg2 g6 6. d4 cxd4 7. Nxd4 Bg7 8. Be3
Nge7 9. O-O O-O 10. Nxc6 Nxc6 11. Bc5 Re8 12. Bd6 Qa5 13. Re1 Ne5 14. a4 Nc4 15.
e5 Nxd6 16. Qxd6 Bf8 17. Qd4 Qb4 18. Rad1 Rd8 19. Ne4 Qxd4 20. Rxd4 Rb8 21. Nd6
Bxd6 22. Rxd6 b6 23. Re4 a5 24. Red4 b5 25. b3 Bb7 26. Bf1 Bc6 27. axb5 Bxb5 28.
Bg2 Rdc8 29. Be4 Rc3 30. f4 Bc6 31. Bxc6 dxc6 32. Rd2 Rb5 33. R6d3 Rxd3 34. Rxd3
Rc5 35. c4 a4 36. bxa4 Rxc4 37. Ra3 Rb4 38. a5 Rb7 39. a6 Ra7 40. Kf2 Kf8 41.
Ke3 Ke7 42. Kd4 Kd7 43. Kc5 Kc7 44. g4 Ra8 45. a7 Kb7 46. Kd6 Rd8+ 47. Ke7 Ra8
48. Kxf7 c5 49. Kxe6 Kc6 50. f5 gxf5 51. gxf5 c4 52. f6 Kb5 53. f7 1-0

[Event "3rd Sharjah Masters 2019"]
[Site "Sharjah UAE"]
[Date "2019.03.22"]
[Round "1.34"]
[White "Sanskriti, Goyal"]
[Black "Nasanjargal, Urtnasan"]
[Result "0-1"]
[WhiteTitle "WFM"]
[BlackTitle "FM"]
[WhiteElo "2006"]
[BlackElo "2503"]
[WhiteFideId "35009141"]
[BlackFideId "4900774"]
[EventDate "2019.03.22"]

1. d4 g6 2. c4 Bg7 3. Nc3 d6 4. e4 e5 5. d5 f5 6. Bd3 Nf6 7. Qc2 fxe4 8. Nxe4
Nxe4 9. Bxe4 Nd7 10. Nf3 O-O 11. O-O Nc5 12. Bg5 Qe8 13. Rfe1 b5 14. Rac1 Bb7
15. Qd2 bxc4 16. Rxc4 Nxe4 17. Rcxe4 Qf7 18. Rd1 c6 19. dxc6 Bxc6 20. Re3 e4 21.
Ne1 d5 22. Ra3 Rab8 23. Rb1 d4 24. Nc2 Rb5 25. Bh4 e3 26. fxe3 Rf5 0-1

[Event "3rd Sharjah Masters 2019"]
[Site "Sharjah UAE"]
[Date "2019.03.22"]
[Round "1.35"]
[White "Harsha, Bharathakoti"]
[Black "Mohammed, Dilshad"]
[Result "1/2-1/2"]
[WhiteTitle "GM"]
[WhiteElo "2497"]
[BlackElo "2006"]
[WhiteFideId "5078776"]
[BlackFideId "5050421"]
[EventDate "2019.03.22"]

1. d4 d5 2. c4 e6 3. Nf3 Nf6 4. Bg5 Be7 5. e3 Nbd7 6. Nc3 h6 7. Bh4 O-O 8. Qc2
dxc4 9. Bxc4 a6 10. a4 c5 11. Rd1 Qa5 12. O-O cxd4 13. Rxd4 Re8 14. Rfd1 Ne5 15.
Nxe5 Qxe5 16. Bg3 Qa5 17. Bd6 Bd7 18. b4 Qb6 19. a5 Qa7 20. Bxe7 Rxe7 21. Ne4
Nxe4 22. Rxd7 Rxd7 23. Rxd7 Nf6 24. Rc7 Qb8 25. Bb3 b6 26. Qc6 bxa5 27. bxa5 Qd8
28. h3 Rb8 29. Kh2 Ne8 30. Rd7 Qf6 31. Bc4 Qxf2 32. Rxf7 Kxf7 33. Qxe6+ Kf8 34.
Qg8+ Ke7 35. Qe6+ Kf8 36. Qg8+ Ke7 37. Qe6+ Kd8 38. Qd5+ Kc7 39. Qe6 1/2-1/2

[Event "3rd Sharjah Masters 2019"]
[Site "Sharjah UAE"]
[Date "2019.03.22"]
[Round "1.36"]
[White "Krithigga, K"]
[Black "Karthik, Venkataraman"]
[Result "0-1"]
[BlackTitle "GM"]
[WhiteElo "2002"]
[BlackElo "2494"]
[WhiteFideId "25013505"]
[BlackFideId "25006479"]
[EventDate "2019.03.22"]

1. c4 Nf6 2. g3 e5 3. Bg2 c6 4. d4 e4 5. Nc3 d5 6. cxd5 cxd5 7. Bg5 Bb4 8. Rc1
Nc6 9. e3 h6 10. Bxf6 Qxf6 11. Qb3 Qd6 12. a3 Ba5 13. Ne2 O-O 14. O-O Rd8 15.
Nf4 Bxc3 16. Rxc3 g5 17. Ne2 Bg4 18. Qc2 Bf3 19. b4 Kg7 20. Nc1 Qf6 21. Nb3 h5
22. Rc1 Bxg2 23. Kxg2 h4 24. Qe2 Ne7 25. Rc7 b6 26. Qg4 Rh8 27. Rd7 hxg3 28.
Qxg3 Ng6 29. Nd2 Nh4+ 30. Kg1 Rac8 31. Rcc7 Rxc7 32. Rxc7 Ng6 33. Rd7 Qf5 34.
Rxa7 Rh3 35. Qg2 Nh4 36. Qf1 Nf3+ 37. Nxf3 exf3 38. Kh1 Rh4 39. Re7 Rg4 40. Re5
Qh7 41. h3 Rg2 42. Qxg2 fxg2+ 43. Kxg2 Kf6 44. a4 Qb1 45. a5 Qxb4 46. axb6 Qxb6
47. Rxd5 Qc6 48. e4 Qc2 49. Rd6+ Ke7 50. e5 Qe4+ 51. Kg1 Qf3 52. Rf6 Qd1+ 53.
Kh2 Qxd4 54. Rf5 Qe4 55. Rxg5 Qf4+ 56. Rg3 Qxf2+ 57. Rg2 Qf4+ 0-1

[Event "3rd Sharjah Masters 2019"]
[Site "Sharjah UAE"]
[Date "2019.03.22"]
[Round "1.37"]
[White "Vokhidov, Shamsiddin"]
[Black "Niklesh, Kumar Jain"]
[Result "1-0"]
[WhiteTitle "IM"]
[WhiteElo "2494"]
[BlackElo "1995"]
[WhiteFideId "14204223"]
[BlackFideId "5037921"]
[EventDate "2019.03.22"]

1. e4 d5 2. exd5 Qxd5 3. Nc3 Qd8 4. d4 Nf6 5. Nf3 Bg4 6. h3 Bxf3 7. Qxf3 c6 8.
Be3 e6 9. a3 Nbd7 10. Bd3 Be7 11. O-O-O Nd5 12. Bd2 Nxc3 13. Bxc3 Nf6 14. g4 Nd5
15. Be1 Bg5+ 16. Kb1 Qf6 17. Qe4 Qf4 18. c4 Qxe4 19. Bxe4 Nb6 20. b3 O-O-O 21.
a4 Bf6 22. a5 Na8 23. Bc3 Nc7 24. Kc2 Rd7 25. Rd3 Rhd8 26. Rhd1 g6 27. f4 Bg7
28. b4 a6 29. Bb2 Bf6 30. Kc3 Bg7 31. Bc1 Bf6 32. Be3 Bg7 33. Bf3 Bf6 34. Bf2 h6
35. h4 Bh8 36. h5 gxh5 37. gxh5 Bf6 38. Kb3 Kb8 39. Be4 Kc8 40. Be3 Rg8 41. f5
Bg5 42. Rg1 Rdd8 43. Bxg5 Rxg5 44. Rxg5 hxg5 45. h6 Rh8 46. fxe6 Nxe6 47. Bf5
Kc7 48. d5 Nf4 49. d6+ Kd8 50. Rg3 Ne6 51. Bxe6 fxe6 52. Rxg5 Rxh6 53. Rg8+ Kd7
54. c5 Rh3+ 55. Ka4 e5 56. Rb8 e4 57. Rxb7+ Kd8 58. Re7 Re3 59. Ra7 Rd3 60. Rxa6
e3 61. Ra8+ Kd7 62. Ra7+ Ke6 63. Re7+ Kd5 64. d7 Kc4 65. Re4+ Kd5 1-0

[Event "3rd Sharjah Masters 2019"]
[Site "Sharjah UAE"]
[Date "2019.03.22"]
[Round "1.38"]
[White "Gokhale, Anupama"]
[Black "Lorparizangeneh, Shahin"]
[Result "0-1"]
[WhiteTitle "WIM"]
[BlackTitle "GM"]
[WhiteElo "1994"]
[BlackElo "2493"]
[WhiteFideId "5001005"]
[BlackFideId "12521604"]
[EventDate "2019.03.22"]

1. d4 Nf6 2. c4 c6 3. Nf3 d5 4. e3 Bf5 5. Nc3 e6 6. Qb3 Qc7 7. Bd2 Nbd7 8. Rc1
Qb8 9. a4 a5 10. Be2 h6 11. O-O Bb4 12. c5 e5 13. Nxe5 Nxe5 14. dxe5 Nd7 15. f4
Qa7 16. Kh1 O-O 17. Qd1 Nxc5 18. Rf3 Rad8 19. Nb1 d4 20. Bxb4 axb4 21. exd4 Ne6
22. Qe1 Nxd4 23. Rg3 Nxe2 24. Qxe2 Qd4 25. Qh5 Qxf4 26. Re1 Bg6 27. Qe2 Rfe8 28.
Rg4 Rxe5 0-1

[Event "3rd Sharjah Masters 2019"]
[Site "Sharjah UAE"]
[Date "2019.03.22"]
[Round "1.40"]
[White "Ali, Abdulaziz"]
[Black "Nguyen, Anh Khoi"]
[Result "0-1"]
[BlackTitle "IM"]
[WhiteElo "1988"]
[BlackElo "2484"]
[WhiteFideId "9304347"]
[BlackFideId "12404675"]
[EventDate "2019.03.22"]

1. e4 c5 2. Nf3 e6 3. d4 cxd4 4. Nxd4 a6 5. c4 Nf6 6. Nc3 Bb4 7. Qf3 Qc7 8. Bd2
O-O 9. Bd3 Nc6 10. Nxc6 dxc6 11. O-O Rd8 12. Rad1 e5 13. h3 Be7 14. Be3 Be6 15.
Qe2 b5 16. cxb5 axb5 17. a3 Nd7 18. Rc1 Qb7 19. Nb1 Nb6 20. Qc2 Bc4 21. Rfd1
Bxd3 22. Rxd3 Rxd3 23. Qxd3 Nc4 24. Qc3 c5 25. Nd2 Nxe3 26. Qxe3 c4 27. Nb1 Rc8
28. Nc3 Bc5 29. Qe2 Bd4 30. Nd5 f5 31. Nc3 Rf8 32. Rc2 fxe4 33. Nxe4 Rf4 34. Nd6
Qc6 0-1

[Event "3rd Sharjah Masters 2019"]
[Site "Sharjah UAE"]
[Date "2019.03.22"]
[Round "1.41"]
[White "Nigmatov, Ortik"]
[Black "Nejadshirazi, Mohammad Reza"]
[Result "1-0"]
[WhiteTitle "IM"]
[WhiteElo "2478"]
[BlackElo "1977"]
[WhiteFideId "14202131"]
[BlackFideId "12506150"]
[EventDate "2019.03.22"]

1. Nf3 Nf6 2. g3 g6 3. Bg2 Bg7 4. O-O O-O 5. d3 d5 6. Nbd2 Nbd7 7. e4 dxe4 8.
dxe4 e5 9. b3 b6 10. Ba3 Re8 11. Qe2 a5 12. Rfd1 Ba6 13. Qe3 c5 14. Bf1 Bxf1 15.
Kxf1 Qc7 16. Bb2 b5 17. Qe2 Qb7 18. a4 bxa4 19. Nc4 Bf8 20. Rxa4 Nb6 21. Nxb6
Qxb6 22. Bxe5 Rad8 23. Rxd8 Rxd8 24. Bxf6 Qxf6 25. Rxa5 c4 26. Rd5 Rxd5 27. exd5
cxb3 28. cxb3 Qc3 29. Qe3 Qc8 30. Kg2 Qf5 31. Qd4 Bd6 32. Nd2 Be5 33. Qe4 Qf6
34. Nc4 Bc7 35. Qe8+ Kg7 36. Qc6 Qd8 37. d6 Bb8 38. b4 Ba7 39. b5 Bd4 40. d7 Qe7
41. Qd5 Bf6 42. Na5 1-0

[Event "3rd Sharjah Masters 2019"]
[Site "Sharjah UAE"]
[Date "2019.03.22"]
[Round "1.42"]
[White "Anilkumar, O.T."]
[Black "Vignesh, N R"]
[Result "0-1"]
[BlackTitle "IM"]
[WhiteElo "1975"]
[BlackElo "2476"]
[WhiteFideId "5017530"]
[BlackFideId "25012215"]
[EventDate "2019.03.22"]

1. e4 c5 2. c3 Nf6 3. e5 Nd5 4. d4 cxd4 5. Nf3 e6 6. cxd4 d6 7. Be2 Nc6 8. O-O
Be7 9. Nbd2 O-O 10. Nc4 b6 11. Be3 dxe5 12. Nfxe5 Nxe5 13. Nxe5 Bb7 14. Bf3 Rc8
15. Qa4 a6 16. Rac1 b5 17. Rxc8 Qxc8 18. Qb3 0-1

[Event "3rd Sharjah Masters 2019"]
[Site "Sharjah UAE"]
[Date "2019.03.22"]
[Round "1.43"]
[White "Darini, Pouria"]
[Black "Mota, Pankit"]
[Result "1/2-1/2"]
[WhiteTitle "GM"]
[WhiteElo "2474"]
[BlackElo "1974"]
[WhiteFideId "12502200"]
[BlackFideId "25019481"]
[EventDate "2019.03.22"]

1. d4 d5 2. Bf4 Nf6 3. e3 c5 4. Nf3 Nc6 5. Nbd2 Bg4 6. c3 Nh5 7. Bg5 h6 8. Bh4
g5 9. Bg3 Nxg3 10. hxg3 cxd4 11. exd4 Bg7 12. Bd3 Kf8 13. Qc2 Rc8 14. Bf5 Bxf3
15. Bxc8 Bxg2 16. Rg1 Qxc8 17. Rxg2 Nxd4 18. Qd3 Qh3 19. Rg1 Qe6+ 20. Kd1 Nc6
21. Re1 Ne5 22. Qb5 Bf6 23. Re2 Qc6 24. a4 Kg7 25. f4 Ng6 26. Kc2 Qxb5 27. axb5
gxf4 28. gxf4 Nxf4 29. Rf2 e5 30. Rxa7 Rb8 31. Nf3 e4 32. Nh4 Bxh4 33. Rxf4 Bg5
34. Rf5 e3 35. Kd3 Kg6 36. Rxd5 f5 37. Ke2 f4 38. Rd6+ Kh5 39. Kf3 Re8 40. Ra1
e2 41. Rh1+ Bh4 42. Rd5+ Kg6 43. Rd6+ Kf7 44. Rd7+ Kg6 45. Rd6+ Kf7 46. Rd7+ Kf8
47. Rxb7 e1=Q 48. Rxe1 Rxe1 49. Kxf4 Re2 50. c4 Rxb2 51. c5 Ke8 52. c6 Kd8 53.
Ke5 Kc8 54. b6 Bf2 55. Rc7+ Kb8 56. Rb7+ Kc8 57. Rc7+ Kb8 58. Rb7+ Kc8 59. Rc7+ 1/2-1/2

[Event "3rd Sharjah Masters 2019"]
[Site "Sharjah UAE"]
[Date "2019.03.22"]
[Round "1.44"]
[White "Pedarse, Marlon"]
[Black "El Adnani, Mokliss"]
[Result "0-1"]
[BlackTitle "IM"]
[WhiteElo "1959"]
[BlackElo "2455"]
[WhiteFideId "5233500"]
[BlackFideId "9000410"]
[EventDate "2019.03.22"]

1. e4 c5 2. Nf3 e6 3. d4 cxd4 4. Nxd4 Nf6 5. Nc3 Nc6 6. Ndb5 d6 7. Be3 a6 8. Nd4
Bd7 9. Be2 Nxd4 10. Qxd4 Bc6 11. f3 Be7 12. O-O-O O-O 13. g4 b5 14. g5 Nd7 15.
Rhg1 b4 16. Nb1 d5 17. exd5 Bxd5 18. Qh4 Qc7 19. Rg3 Rfc8 20. Rd2 g6 21. Bd4 e5
22. Rh3 h5 23. Bf2 Be6 24. f4 Bxh3 25. Qxh3 Nf8 26. f5 Bxg5 27. Be3 Bxe3 28.
Qxe3 Qc5 29. Qg5 e4 30. Qg3 e3 0-1

[Event "3rd Sharjah Masters 2019"]
[Site "Sharjah UAE"]
[Date "2019.03.22"]
[Round "1.45"]
[White "Sadhwani, Raunak"]
[Black "Ahmed, Fareed"]
[Result "1-0"]
[WhiteTitle "IM"]
[BlackTitle "FM"]
[WhiteElo "2455"]
[BlackElo "1950"]
[WhiteFideId "35093487"]
[BlackFideId "9303677"]
[EventDate "2019.03.22"]

1. d4 Nf6 2. Nc3 e6 3. Bf4 Bb4 4. Qd3 d5 5. a3 Bd6 6. Bg3 O-O 7. O-O-O c5 8.
dxc5 Bxc5 9. e4 Nc6 10. Nf3 Qa5 11. exd5 exd5 12. Qb5 Qxb5 13. Bxb5 Ne4 14. Rxd5
Nxg3 15. fxg3 Be3+ 16. Kb1 Be6 17. Rd3 Bh6 18. Bxc6 bxc6 19. Nd4 Bc4 20. Rdd1 c5
21. Nf5 Bg5 22. Ne4 h6 23. Nxc5 Rac8 24. Ne4 Rc7 25. Nxg5 hxg5 26. Rhe1 g6 27.
Nd6 Ba6 28. Ne4 f6 29. Rd6 Bc4 30. Nxf6+ Kh8 31. b3 1-0

[Event "3rd Sharjah Masters 2019"]
[Site "Sharjah UAE"]
[Date "2019.03.22"]
[Round "1.46"]
[White "Yanjinlkham, Bayarsaikhan"]
[Black "Aditya, Mittal"]
[Result "0-1"]
[WhiteTitle "WFM"]
[BlackTitle "CM"]
[WhiteElo "1950"]
[BlackElo "2454"]
[WhiteFideId "4901452"]
[BlackFideId "35042025"]
[EventDate "2019.03.22"]

1. d4 d5 2. c4 c6 3. Nf3 Nf6 4. g3 dxc4 5. a4 c5 6. Nc3 cxd4 7. Qxd4 Qxd4 8.
Nxd4 a6 9. Bg2 e5 10. Nc2 Nc6 11. Bg5 Be6 12. Bxf6 gxf6 13. Nd5 O-O-O 14. Nxf6
Nd4 15. Ne3 Bb4+ 16. Kf1 Nb3 17. Rd1 Rxd1+ 18. Nxd1 Rd8 19. Ne3 Rd2 20. Bd5 Bxd5
21. Nfxd5 Bc5 22. Kg2 b5 23. Rb1 Rxe2 24. axb5 axb5 25. Nc3 Rd2 26. Ned1 b4 27.
Ne4 Rc2 28. Nxc5 Nxc5 29. Ne3 b3 30. Nxc2 bxc2 31. Rc1 Nd3 0-1

[Event "3rd Sharjah Masters 2019"]
[Site "Sharjah UAE"]
[Date "2019.03.22"]
[Round "1.47"]
[White "Mendonca, Leon Luke"]
[Black "Al Mheiri, Jumaa Ahmmed"]
[Result "1-0"]
[WhiteTitle "CM"]
[WhiteElo "2446"]
[BlackElo "1946"]
[WhiteFideId "35028561"]
[BlackFideId "9302557"]
[EventDate "2019.03.22"]

1. d4 d5 2. c4 c6 3. Nf3 Nf6 4. g3 e6 5. Bg2 Nbd7 6. O-O Be7 7. Nc3 O-O 8. Qc2
b6 9. cxd5 cxd5 10. Bf4 Bb7 11. Rfc1 Rc8 12. Qb3 Nh5 13. Bd2 Nhf6 14. a4 a6 15.
Ne1 Rc4 16. e3 Qa8 17. Bf1 Rfc8 18. Bxc4 dxc4 19. Qd1 e5 20. f3 exd4 21. exd4
Bd6 22. Rc2 Re8 23. Bg5 h6 24. Bxf6 Nxf6 25. Re2 Rd8 26. Qc2 Bb4 27. Rd1 Bxc3
28. bxc3 b5 29. Kf2 Nd5 30. Rb1 Bc6 31. Ng2 Nb6 32. a5 Bxf3 33. axb6 Bxg2 34.
Qf5 Bd5 35. Re7 Be6 36. Qe5 1-0

[Event "3rd Sharjah Masters 2019"]
[Site "Sharjah UAE"]
[Date "2019.03.23"]
[Round "2.4"]
[White "Inarkiev, Ernesto"]
[Black "Tokhirjonova, Gulrukhbegim"]
[Result "1-0"]
[WhiteTitle "GM"]
[BlackTitle "WGM"]
[WhiteElo "2692"]
[BlackElo "2434"]
[WhiteFideId "4162722"]
[BlackFideId "14203626"]
[EventDate "2019.03.22"]

1. c4 e6 2. Nc3 d5 3. d4 Nf6 4. cxd5 exd5 5. Bg5 Be7 6. e3 c6 7. Bd3 Nbd7 8.
Nge2 h6 9. Bh4 Nh5 10. Bxe7 Qxe7 11. Qd2 Nb6 12. f3 Bd7 13. O-O O-O 14. e4 dxe4
15. fxe4 Rad8 16. Rf2 Nf6 17. h3 c5 18. d5 Bc8 19. Ng3 Qe5 20. Nce2 c4 21. Bc2
Nfd7 22. Nf5 Nc5 23. Nc3 Bd7 24. Raf1 Nc8 25. Qe3 b6 26. Nh4 Nd6 27. Nf3 Qg3 28.
e5 Nf5 29. Bxf5 Bxf5 30. Ne2 Qxf2+ 31. Rxf2 Rxd5 32. Nfd4 Bc8 33. Nf4 Rd7 34.
Nh5 Kh8 35. Rf6 Rxd4 36. Rxh6+ Kg8 37. Qg5 1-0

[Event "3rd Sharjah Masters 2019"]
[Site "Sharjah UAE"]
[Date "2019.03.23"]
[Round "2.5"]
[White "Dimakiling, Oliver"]
[Black "Matlakov, Maxim"]
[Result "1-0"]
[WhiteTitle "IM"]
[BlackTitle "GM"]
[WhiteElo "2423"]
[BlackElo "2692"]
[WhiteFideId "5202248"]
[BlackFideId "4168003"]
[EventDate "2019.03.22"]

1. e4 c5 2. Nf3 d6 3. d4 cxd4 4. Qxd4 Nc6 5. Bb5 a6 6. Bxc6+ bxc6 7. c4 e5 8.
Qd3 Ne7 9. O-O Ng6 10. Nc3 Be7 11. Ne2 O-O 12. Ng3 d5 13. cxd5 cxd5 14. exd5 f5
15. Qc4 Kh8 16. Re1 e4 17. Nd4 Ne5 18. Qb3 Nd3 19. Nc6 Qd6 20. Bd2 Bh4 21. Re3
Qg6 22. Rxd3 f4 23. Nxe4 Qxe4 24. Qb4 Qf5 25. Rf3 Bg5 26. h4 Bh6 27. Bc3 Re8 28.
Qd6 Qh5 29. Qc7 Qxd5 30. Rxf4 Be6 31. Rd4 Qh5 32. a4 Rf8 33. Qg3 Rae8 34. Re1
Bf5 35. Ne7 Bc2 36. a5 Qf7 37. Rd7 Ba4 38. Ra7 Bb5 39. Re4 Ra8 40. Rc7 Qa2 41.
Nf5 1-0

[Event "3rd Sharjah Masters 2019"]
[Site "Sharjah UAE"]
[Date "2019.03.23"]
[Round "2.6"]
[White "Sargissian, Gabriel"]
[Black "Laxman, R.R."]
[Result "1-0"]
[WhiteTitle "GM"]
[BlackTitle "GM"]
[WhiteElo "2689"]
[BlackElo "2425"]
[WhiteFideId "13300881"]
[BlackFideId "5005361"]
[EventDate "2019.03.22"]

1. d4 Nf6 2. c4 e6 3. Nf3 b6 4. g3 Ba6 5. b3 Bb7 6. Bg2 Bb4+ 7. Bd2 c5 8. Bxb4
cxb4 9. O-O O-O 10. Qd3 Be4 11. Qe3 Nc6 12. Nbd2 d5 13. Nxe4 Nxe4 14. cxd5 exd5
15. Rfc1 Rc8 16. Qd3 Qf6 17. e3 Qf5 18. Qf1 g5 19. Ne1 Nc3 20. Nd3 Rfe8 21. Re1
Rc7 22. Bh3 Qf3 23. Bg2 Qf5 24. Bh3 Qg6 25. Bg2 Rce7 26. Kh1 a5 27. Rec1 h5 28.
a3 Qd6 29. axb4 axb4 30. Rc2 Na5 31. Rb2 h4 32. gxh4 gxh4 33. Nf4 Kh8 34. Qd3
Qd7 35. Bh3 Qd6 36. Qf5 Qh6 37. Rg1 Rg8 38. Rxg8+ Kxg8 39. Nxd5 Re6 40. Nxb4 Kg7
41. Nd5 Ne4 42. Qf4 Qxf4 43. Nxf4 Rc6 44. Kg2 Rc3 45. Nd5 Rc6 46. Bf5 Nf6 47.
Nxf6 Kxf6 48. Be4 Rc3 49. b4 1-0

[Event "3rd Sharjah Masters 2019"]
[Site "Sharjah UAE"]
[Date "2019.03.23"]
[Round "2.7"]
[White "Buksa, Nataliya"]
[Black "Kryvoruchko, Yuriy"]
[Result "1/2-1/2"]
[WhiteTitle "IM"]
[BlackTitle "GM"]
[WhiteElo "2416"]
[BlackElo "2680"]
[WhiteFideId "14123622"]
[BlackFideId "14109182"]
[EventDate "2019.03.22"]

1. e4 c5 2. Nf3 d6 3. d4 cxd4 4. Nxd4 Nf6 5. Nc3 Nc6 6. Bg5 e6 7. Qd2 a6 8.
O-O-O Bd7 9. f4 Be7 10. Kb1 b5 11. Bxf6 Bxf6 12. Nxc6 Bxc6 13. Qxd6 Qxd6 14.
Rxd6 Rc8 15. e5 Be7 16. Rd2 g5 17. Bd3 gxf4 18. Be4 O-O 19. Bxc6 Rxc6 20. Rd7
Bd8 21. Ne4 Bc7 22. Nf6+ Kg7 23. Rd3 Rc8 24. Nd7 Bd8 25. c3 Rc4 26. g3 b4 27.
cxb4 Rxb4 28. Rf1 Rcc4 29. a3 Rd4 30. Nc5 Rxd3 31. Nxd3 Rd4 32. Nxf4 Re4 33. Rd1
Bb6 34. Rd6 Bg1 35. h4 Rxe5 36. Rxa6 Bh2 37. Nd3 Rd5 38. Nf4 Rf5 39. Ra4 Kh6 40.
Nh3 Bxg3 41. Rg4 Be5 42. a4 Rf1+ 43. Ka2 f5 44. Rb4 f4 45. Re4 Bb8 46. Rxe6+ Kh5
47. Re8 Bd6 48. Re6 Bb8 49. Re8 Bd6 50. Rd8 Be7 51. Rd7 Bxh4 52. a5 Kg4 53. a6
Rc1 54. Nxf4 Kxf4 55. Rxh7 Bf2 56. Rf7+ Kg3 57. b4 Bd4 58. Kb3 Kg4 59. b5 Kg5
60. Rd7 Be3 61. Re7 Bd4 62. Rd7 Be3 63. Re7 Bd4 64. Rd7 1/2-1/2